Μαθηματικά Β' λυκείου : θεωρία, παραδείγματα, λυμένες ασκήσεις, ασκήσεις για λύση, απαντήσεις

Saved in:
Bibliographic Details
Main Author: Σκανδάλης, Γιώργος
Format: Book
Language:Greek
Published: Αθήνα : Πατάκης, 1991
Subjects:
Tags: Add Tag
No Tags, Be the first to tag this record!

MARC

LEADER 00000cam a2200000 i 4500
001 1/25509
008 020626s1991 gre d
020 |a 960-293-650-9 (τ.2) 
035 |l 10068077 
040 |a GR-MY-UA  |b gre  |e aacr 
041 0 |a gre 
082 0 |a 510.7 
100 1 |a Σκανδάλης, Γιώργος. 
245 1 0 |a Μαθηματικά Β' λυκείου :  |b θεωρία, παραδείγματα, λυμένες ασκήσεις, ασκήσεις για λύση, απαντήσεις /  |c Γιώργος Σκανδάλης 
260 |a Αθήνα :   |b Πατάκης,   |c 1991 
300 |a τ.2 
650 0 0 |a Mathematics  |x Study and teaching (Secondary)  |z Greece. 
852 |a INST  |b RHODES  |e 20020626  |h 510.7 ΣΚΑ  |p 005400016341  |q 005400016341  |t BK  |y 0 
901 |a BIBL4-2002-2 
909 |a Ρ  |b 101318 
970 |a ΚΟΥΛΑΚΙΟΤΗ  |b ΛΙΤΣΑ  |z 2002/06/26